Normal view
MARC view
- EMBA Thesis Business Project.
Entry Topical Term
001 - CONTROL NUMBER
- control field: 25825
003 - CONTROL NUMBER IDENTIFIER
- control field: NUST
005 - DATE AND TIME OF LATEST TRANSACTION
- control field: 20191119110019.0
008 - FIXED-LENGTH DATA ELEMENTS
- fixed length control field: 191119|| aca||aabn | a|a d
040 ## - CATALOGING SOURCE
- Original cataloging agency: NUST
- Transcribing agency: NUST
150 ## - HEADING--TOPICAL TERM
- Topical term or geographic name entry element: EMBA Thesis Business Project.
670 ## - SOURCE DATA FOUND
- Source citation: Work cat.: (NUST): Altaf Abbasi, Majid 25824, Top Level Market Scaling Of The Hala Meat Industry North America (USA & Canada) /, 2016.
